Où se jouent ces tournois ATP? - Statistiques

Statistiques générales
  • Ce quiz a été pris 69 fois
  • Le résultat moyen est 8 sur 13
Statistiques - réponses
Tournament Country % Correct
Indian Wells USA
97%
Open 13 France
90%
Queen's Angleterre
85%
Estorìl Open Portugal
84%
ASB Classic Australie
65%
Nordea Open Suède
65%
Bett1open Allemagne
58%
Bitpanda Open Allemagne
58%
European Open Belgique
52%
Libema Open Pays bas
52%
Tata Open Inde
45%
Generali Open Autriche
35%
Movistar Open Chili
21%
Aucun quiz correspondant
Distribution des résultats
% des personnes avec chaque résultat
Percentile par nombre de réponses
Votre historique - résultats
Vous n’avez pas pris ce quiz